Spoločenská zodpovednosť vo firme Škoda Auto, a.s. bakalárska práca

Gespeichert in:
Bibliographische Detailangaben
1. Verfasser: Pavlíková, Katarína
Körperschaft: Obchodná fakulta EU. Katedra marketingu
Weitere Verfasser: Chomová, Katarína, 1983-
Format: Buch
Sprache:Slowakisch
Veröffentlicht: Bratislava 2011
Tags: Tag hinzufügen
Keine Tags, Fügen Sie das erste Tag hinzu!

MARC

LEADER 00000nbm a2200000 4500
001 0150925
005 20120523130326.7
041 0 |a slo 
044 |a SK 
245 1 0 |a Spoločenská zodpovednosť vo firme Škoda Auto, a.s.  |b bakalárska práca  |c Katarína Pavlíková ; školiteľ: Katarína Chomová 
264 1 |a Bratislava  |c 2011 
300 |a 70 s. 
100 1 |a Pavlíková, Katarína 
700 1 |a Chomová, Katarína, 1983- 
710 2 |a Obchodná fakulta EU. Katedra marketingu